| 000 | 00921nam a22001577a 4500 | ||
|---|---|---|---|
| 003 | OSt | ||
| 005 | 20161020160016.0 | ||
| 008 | 161020b xxu||||| |||| 00| 0 eng d | ||
| 040 | _cRUA | ||
| 082 | _aVEM SET B506 2015 Or.1 | ||
| 100 |
_910796 _aSETH CAHN; សិទ្ធ ចាន់ |
||
| 245 | _aEffect of NAO-EN50 and NULISTIN-P400 to treament on diarrhea in piglet in bang soung's farm in Phnom Srouch distict, Kompong Speu province; ប្រសិទ្ធភាពថ្នាំNAO-EN 50 និង NULISTIN-P40០លើជំងឺរាកកូនជ្រូកពេលផ្ដាច់ដោះ នៅក្នុងកសិដ្ឋានចិញ្ចឹមជ្រូកសាច់ ប៉ាង សុង ក្នុងស្រុកភ្នំស្រួច ខេត្តកំពង់ស្ពឺ | ||
| 260 |
_aPhnom Penh _bRUA _c2015 |
||
| 300 |
_aix; 30p; _bill; _c29cm |
||
| 942 |
_2ddc _cAVM |
||
| 999 |
_c10389 _d10389 |
||